| 000 | 01160cam a2200361 4500 | ||
|---|---|---|---|
| 001 | WS110501 | ||
| 008 | 000000n 000 0 eng u | ||
| 035 | _a(Sirsi) u104088 | ||
| 245 | _aCLARINET : the Contaminated Land and Rehabilitation Network for Environmental Technologies in Europe | ||
| 520 | _aSite for this programme which provides 'information related to contaminated land management in Europe'. Includes details of their working groups and research. Also outlines the approach to contaminated land in the European countries. | ||
| 650 | _aGERMANY | ||
| 650 | _aINTERNATIONAL | ||
| 650 | _aGREECE | ||
| 650 | _aEIRE | ||
| 650 | _aITALY | ||
| 650 | _aNETHERLANDS | ||
| 650 | _aNORWAY | ||
| 650 | _aPORTUGAL | ||
| 650 | _aSPAIN | ||
| 650 | _aSWEDEN | ||
| 650 | _aSWITZERLAND | ||
| 650 | _aWEB SITE | ||
| 650 | _aCONTAMINATED LAND | ||
| 650 | _aEUROPE | ||
| 650 | 0 | _aAUSTRIA | |
| 650 | _aBELGIUM | ||
| 650 | _aDENMARK | ||
| 650 | _aFINLAND | ||
| 650 | _aFRANCE | ||
| 690 | _aENVIRONMENTAL AND LAND CONSULTANCY | ||
| 856 | 4 | 0 |
_uhttps://www.clarinet.at _zView the website free of charge at www.clarinet.at... |
| 942 | _n0 | ||
| 999 |
_c119420 _d119420 |
||